Musées du monde - click quiz - Statistiques

Statistiques générales
  • Ce quiz a été pris 148 fois
  • Le résultat moyen est 14 sur 25
Statistiques - réponses
Hint Réponse % Correct
Musée du Louvre Paris
96%
Musée de l'Acropole Athènes
94%
British Museum Londres
94%
Galerie nationale d'Écosse Édimbourg
91%
Musée national d'Art de Catalogne Barcelone
83%
Museum of Modern Art New York
83%
Musée du Prado Madrid
77%
Musée des Civilisations de l'Europe et de la Méditerranée Marseille
73%
Rijksmuseum Amsterdam
67%
Galerie Tretiakov Moscou
65%
Palais des Doges Venise
62%
Musée de l'Ermitage Saint-Pétersbourg
58%
Musée Guggenheim Bilbao
57%
Gallerie des Offices Florence
51%
National Gallery of Victoria Melbourne
44%
Art Institute of... Chicago
40%
Musée Salar Jung Hyderabad
33%
Mauritshuis La Haye
28%
Musée olympique Lausanne
28%
Musée des trois gorges Chongqing
25%
Musée Soumaya Mexico
24%
Maison de la Terreur Budapest
23%
Alte Pinakothek Munich
23%
Musée de l'Albertina Vienne
20%
Musée de Pergame Berlin
17%
Aucun quiz correspondant
Distribution des résultats
% des personnes avec chaque résultat
Percentile par nombre de réponses
Votre historique - résultats
Vous n’avez pas pris ce quiz